| 000 | 00597nam a2200205 4500 | ||
|---|---|---|---|
| 003 | OSt | ||
| 005 | 20240726020743.0 | ||
| 006 | a | ||
| 008 | 240726b |||||||| |||| 00| 0 eng d | ||
| 020 | _a9789719341871 | ||
| 040 |
_aDWCL-Main lib. _cOC |
||
| 082 | _aFil. 941.25 M111f 2010 | ||
| 100 | _aGuerrero, Leon Ma. | ||
| 245 | _aThe first Filipino : a biography of Jose Rizal / | ||
| 260 |
_a[S. l.] : _bGuerrero Pub., _cc2010. |
||
| 300 |
_axxiv, _b539 p. ; _c23 cm. |
||
| 504 | _aIncludes bibliographical references. | ||
| 650 | _a1. Rizal, Jose-Biography. | ||
| 942 |
_2ddc _n0 _cBK - FIL _kFil. |
||
| 999 |
_c2777 _d2777 |
||